Statistics for Top 100 Most Expensive Soccer Teams 23/24

Click here to take the quiz!

General Stats

  • This quiz has been taken 222 times
  • The average score is 56 of 100

Answer Stats

ValueTeam% Correct
$814.30mF.C. Barcelona
98%
$1.18bnManchester City
98%
$1.08bnParis Saint-Germain
98%
$991.00mReal Madrid
98%
$897.13mBayern Munich
96%
$882.30mManchester United
96%
$827.30mLiverpool F.C.
95%
$467.00mBorussia Dortmund
93%
$925.50mChelsea
93%
$529.15mAC Milan
92%
$1.09bnArsenal
92%
$523.35mInter Milan
90%
$689.30mTottenham Hotspur
90%
$433.20mJuventus
86%
$442.00mAtlético Madrid
85%
$597.70mAston Villa
84%
$598.00mNewcastle United
84%
$196.85mOlympique Lyonnais
80%
$179.80mAFC Ajax
77%
$577.65mSSC Napoli
77%
$381.55mAS Roma
76%
$256.35mOlympique Marseille
76%
$443.15mWest Ham United
76%
$344.50mSL Benfica
75%
$283.50mFC Porto
74%
$446.05mBayer 04 Leverkusen
73%
$376.30mBrighton
73%
$252.00mLeicester City
71%
$339.25mEverton
70%
$210.15mSevilla
69%
$187.23mPSV Eindhoven
68%
$241.90mSporting CP
68%
$284.68mSS Lazio
68%
$147.00mValencia
67%
$331.80mAS Monaco
64%
$289.38mWolves
63%
$229.55mBurnley
61%
$245.75mGalatasaray
61%
$209.50mLeeds United
61%
$207.80mLille
61%
$333.45mCrystal Palace
60%
$295.90mFulham
60%
$400.58mNottingham Forest
60%
$403.10mRB Leipzig
60%
$234.80mSouthampton
59%
$365.00mBrentford
58%
$204.73mFeyenoord
58%
$397.75mReal Sociedad
58%
$246.10mACF Fiorentina
55%
$202.70mAthletic Bilbao
54%
$337.00mBournemouth
54%
$121.25mCeltic FC
53%
$170.05mEintracht Frankfurt
52%
$209.50mReal Betis
52%
$304.20mAtalanta BC
51%
$179.55mRB Salzburg
51%
$236.90mWolfsburg
51%
$124.70mBraga
49%
$209.70mVillarreal
49%
$259.00mAl-Hilal
48%
$228.10mOGC Nice
47%
$125.60mGirona FC
46%
$107.48mRangers FC
46%
$192.50mUnion Berlin
45%
$195.53mAl-Nassr
44%
$192.30mBorussia Monchengladbach
44%
$135.68mSheffield United
44%
$129.18mBeşiktaş
43%
$121.45mClub Brugge
43%
$209.13mFenerbahçe
43%
$204.15mRC Lens
42%
$175.60mTorino FC
42%
$269.15mStade Rennes
40%
$155.93mZenit
40%
$201.78mAl-Ahli
39%
$111.00mFC Nantes
39%
$116.60mVFB Stuttgart
39%
$118.90mOlympiacos
35%
$125.20mGetafe CF
34%
$151.20mTSG 1899 Hoffenheim
32%
$141.23mUdinese Calcio
32%
$164.35mSC Freiburg
31%
$159.85mBologna FC
30%
$125.65mCelta de Vigo
30%
$102.70mGenoa CFC
30%
$112.95mKRC Genk
29%
$109.15m1. FSV Mainz 05
27%
$133.30mAl-Ittihad
27%
$137.30mCA Osasuna
26%
$155.60mUS Sassuolo
26%
$101.00mRCD Mallorca
24%
$101.95mRC Strasbourg
24%
$100.00mRoyal Antwerp
24%
$101.10mSpartak Moscow
24%
$120.95mFC Augsburg
20%
$160.70mFlamengo
19%
$127.38mTrabzonspor
16%
$160.30mPalmeiras
13%
$100.40mUS Salernitana
13%
$99.60mUD Almería
11%

Score Distribution

Percentile by Number Answered

Percent of People with Each Score

Your Score History

You have not taken this quiz